01357nam a2200301 a 4500001001000000003000900010005001700019008004100036020001500077040002500092082002400117100004000141245020000181260007200381300002000453490005100473500003900524500003100563651005500594651006700649651004300716700004200759700004400801830005800845942001400903952012300917999001501040000005425DO-SdBNP20231113104210.0090819s1981 es 001 0 spa d a8400049462 aDO-SdBNPbspacBNPHU 4a338.9464bB271i2221 aBarreda Fontes, Jose María91539510aIlustración y reforma en la mancha :blas reales sociedades económicas de amigos del país. /cJose María Barreda Fontes, Juan Manuel Carretero Zamora ; prólogo de Manuel Espadas Burgos. aMadrid :bConsejo Superior de Investigaciones Científicas,c1981. a247 p. ;c20 cm0 aMonografías / Instituto Jerónimo Zuritav1 aIncluye referencias bibliograficas aIncluye tabla de contenido 4aLa Mancha, EspañaxPolítica económica915396 4aLa Mancha, EspañaxCondiciones económicaszEspaña915397 4aEspañaxPoblaciónxHistoria9153981 aCarretero Zamora, Juan Manuel.9153991 a Espadas Burgos, Manuelepról.915130 0aMonografías / Instituto Jerónimo Zuritav1915400 2ddccLBS1 001054708MOaGRbGRcCTd2009-08-19iLF1l0o338.9464 B271ip5425-10r2020-06-25w2020-06-25y4ZPréstamo en sala c5225d5225